000 00534nam a2200217Ia 4500
003 OSt
005 20220918192726.0
006 a|||||r|||| 00| 0
007 ta
008 220917b |||||||| |||| 00| 0 eng d
024 _a69,865
037 _cTextual
040 _aARTS
_cARTS
_beng
041 _2eng
_aeng
082 _aR321, 113F1.1 (+)
100 _aKroner Richard
245 0 _aVon Kant bis Hegel
260 _c1901
942 _hR321, 113F1.1 (+)
_cTEXL
_2CC
999 _c195994
_d195994